000 005770000a22002050004500
003 LK-CoMWRAF
005 20240212122400.0
008 230817t1995 ||||| |||| 00| 0 eng d
020 _a0195638042
040 _aLK-CoMWRAF
_dLK-CoMWRAF
_eLK-CoMWRAF
041 _aeng
082 _a423
_bCON
245 _aThe concise oxford dictionary of current english
250 _a9th ed.
260 _aNew Delhi:
_bOxford University Press,
_c1995
300 _axxi.,1673 p.
_bIndex included
650 _aEnglish language -- Dictionaries
700 _aThompson, Della
_eed.
942 _cBK
999 _c160
_d160